2015 Ballon d'Or - Statistics

General Stats
  • This quiz has been taken 40 times
  • The average score is 21 of 23
Answer Stats
Rank National Team Club(s) Player % Correct
2 Portugal Real Madrid Cristiano Ronaldo
100%
16 Wales Real Madrid Gareth Bale
100%
1 Argentina Barcelona Lionel Messi
100%
5 Uruguay Barcelona Luis Suárez
100%
4 Poland Bayern Munich Robert Lewandowski
100%
9 Spain Barcelona Andrés Iniesta
97%
3 Brazil Barcelona Neymar
97%
11 Sweden Paris Sain-Germain Zlatan Ibrahimović
97%
18 Belgium VfL Wolfsburg / Manchester City Kevin De Bruyne
94%
15 France Juventus Paul Pogba
94%
13 Argentina Manchester City Sergio Agüero
94%
6 Germany Bayern Munich Thomas Müller
94%
21 Germany Real Madrid Toni Kroos
94%
22 Netherlands Bayern Munich Arjen Robben
91%
8 Belgium Chelsea Eden Hazard
91%
23 Croatia Barcelona Ivan Rakitić
88%
20 France Real Madrid Karim Benzema
88%
7 Germany Bayern Munich Manuel Neuer
88%
19 Colombia Real Madrid James Rodríguez
82%
14 Argentina Barcelona Javier Mascherano
82%
10 Chile Arsenal Alexis Sánchez
79%
17 Chile Juventus / Bayern Munich Arturo Vidal
79%
12 Ivory Coast Manchester City Yaya Touré
79%
No matching quizzes found
Score Distribution
Percent of People with Each Score
Percentile by Number Answered
Your Score History
You have not taken this quiz